Two kinds of righteousness : (Record no. 2920)

MARC details
000 -LEADER
fixed length control field 00837cam a2200277Ka 4500
001 - CONTROL NUMBER
control field 575256
003 - CONTROL NUMBER IDENTIFIER
control field OSt
005 - DATE AND TIME OF LATEST TRANSACTION
control field 20181019130847.0
008 - FIXED-LENGTH DATA ELEMENTS--GENERAL INFORMATION
fixed length control field 990824s1999 wau 000 0 eng d
020 ## - INTERNATIONAL STANDARD BOOK NUMBER
International Standard Book Number 1577700090
035 ## - SYSTEM CONTROL NUMBER
System control number (OCoLC)ocm42217288
035 ## - SYSTEM CONTROL NUMBER
System control number (OCoLC)ocm42217288
040 ## - CATALOGING SOURCE
Original cataloging agency UOK
Transcribing agency UOK
049 ## - LOCAL HOLDINGS (OCLC)
Holding library PTSS
082 ## - DEWEY DECIMAL CLASSIFICATION NUMBER
Classification number 234.7
Item number K37T
090 ## - LOCALLY ASSIGNED LC-TYPE CALL NUMBER (OCLC); LOCAL CALL NUMBER (RLIN)
Classification number (OCLC) (R) ; Classification number, CALL (RLIN) (NR) BT785
Local cutter number (OCLC) ; Book number/undivided call number, CALL (RLIN) .K46 1999
092 ## - LOCALLY ASSIGNED DEWEY CALL NUMBER (OCLC)
Classification number 234.7 KENYON 1996
100 1# - MAIN ENTRY--PERSONAL NAME
Personal name Kenyon, Essek William,
Dates associated with a name 1867-1948.
245 10 - TITLE STATEMENT
Title Two kinds of righteousness :
Remainder of title the most important message ever offered to the church /
Statement of responsibility, etc. by E. W. Kenyon.
250 ## - EDITION STATEMENT
Edition statement [17th ed. (printing)]
260 ## - PUBLICATION, DISTRIBUTION, ETC.
Place of publication, distribution, etc. Lynnwood, Wash. :
Name of publisher, distributor, etc. Kenyon's Gospel Pub. Society,
Date of publication, distribution, etc. c1999.
300 ## - PHYSICAL DESCRIPTION
Extent 79 p. ;
Dimensions 21 cm.
650 #0 - SUBJECT ADDED ENTRY--TOPICAL TERM
Topical term or geographic name entry element Assurance (Theology).
650 #0 - SUBJECT ADDED ENTRY--TOPICAL TERM
Topical term or geographic name entry element Justification (Christian theology).
942 ## - ADDED ENTRY ELEMENTS (KOHA)
Source of classification or shelving scheme Dewey Decimal Classification
Koha item type Books
Holdings
Withdrawn status Lost status Source of classification or shelving scheme Damaged status Not for loan Collection code Home library Current library Shelving location Date acquired Cost, normal purchase price Total Checkouts Full call number Barcode Date last seen Price effective from Koha item type
    Dewey Decimal Classification     Non-fiction Harvest Mission College Harvest Mission College General Stacks 19.10.2018 80.00   234.7 K37T 001016 19.10.2018 19.10.2018 Books

OPAC Designed and Maintained by HMC Library Team.
Copyright © HMC Library,Greater Noida, UP.
For any Suggestions/Query Contact library via Email:libhmc@gmail.com